|
|
|
|
| LEADER |
01057nam a2200265 4500 |
| 001 |
10113621 |
| 003 |
upatras |
| 005 |
20210117205115.0 |
| 008 |
140822s1991 us eng |
| 020 |
|
|
|a 0962666122
|
| 040 |
|
|
|a GR-PaULI
|e AACR2
|c GR-PaULI
|
| 041 |
0 |
|
|a eng
|
| 082 |
0 |
4 |
|a 515.028 5
|
| 100 |
1 |
|
|a Gilligan, Lawrence G.
|4 aut
|9 139965
|
| 245 |
1 |
0 |
|a Calculus and the DERINE program
|b experiments with the computer
|c Lawrence G. Gilligan, James F. Marquardt
|
| 250 |
|
|
|a 2nd ed.
|
| 260 |
|
|
|a Cincinnati
|b Gilmar
|c 1991
|
| 300 |
|
|
|a 152 σ.
|b εικ.
|c 28 εκ.
|
| 650 |
|
4 |
|a Λογισμός
|x Επεξεργασία δεδομένων
|9 3895
|
| 700 |
1 |
|
|a Marquardt, James F.
|4 aut
|9 139966
|
| 852 |
|
|
|a GR-PaULI
|b ΠΑΤΡΑ
|b ΒΚΠ
|b ΒΣ1
|k ΑΣΧΞ
|h 515.028 5 GIL
|m 122444
|p 025000239216
|t 1
|
| 942 |
|
|
|2 ddc
|c BK15
|
| 952 |
|
|
|0 0
|1 0
|4 0
|6 515_028000000000000_5_GIL
|7 0
|9 169040
|a LISP
|b LISP
|c BSC
|d 2016-04-24
|i 122444
|l 0
|o 515.028 5 GIL
|p 025000239216
|r 2016-04-24 00:00:00
|t 1
|w 2016-04-24
|y BK15
|
| 998 |
|
|
|c ΜΠΟΥΡΑΣ
|d 2014-08
|
| 999 |
|
|
|c 105710
|d 105710
|